[Event "Arco di Trento op1"]
[Site "Arco di Trento"]
[Date "1997.??.??"]
[Round "7"]
[White "De Santis, Alessio"]
[Black "Medancic, Rikard"]
[Result "0-1"]
[WhiteElo "2255"]
[BlackElo "2305"]

1.d4 Nf6 2.Nf3 d5 3.c4 e6 4.Nc3 c6 5.e3 Nbd7 6.Bd3 Bd6 7.O-O O-O 8.e4 dxc4
9.Bxc4 e5 10.Bg5 h6 11.Bh4 Qc7 12.d5 cxd5 13.Bxd5 Qb8 14.Rc1 Nxd5 15.Nxd5 f6
16.Qd2 a5 17.Rfd1 Ra6 18.h3 Rf7 19.Bg3 Nc5 20.Qe3 Rc6 21.Nh4 Be6 22.Rc2 Qc8
23.Rcd2 g5 24.Nf3 Qf8 25.Ne1 Kg7 26.Nc2 Nd7 27.Qa7 Nc5 28.Qxa5 Nxe4 29.Ndb4 Rc5
30.Qb6 Nxd2 31.Rxd2 Rd7 32.a3 Qe7 33.Ne3 Rc1+ 34.Kh2 Bc5 35.Rxd7 Qxd7 36.Qa5 h5
37.h4 Bxe3 38.fxe3 Qd1 39.Bxe5 Qh1+ 40.Kg3 Qxh4+ 41.Kf3 Qg4+  0-1

[Event "Asti op"]
[Site "Asti"]
[Date "1997.??.??"]
[Round "?"]
[White "Naumkin, Igor"]
[Black "Korneev, Oleg"]
[Result "1/2-1/2"]
[WhiteElo "2435"]
[BlackElo "2590"]

1.d4 d5 2.c4 e6 3.Nc3 c6 4.e3 Nf6 5.Nf3 Nbd7 6.Qc2 Bd6 7.Bd3 O-O 8.O-O dxc4
9.Bxc4 Qe7 10.h3 a6 11.a4 e5 12.a5 c5 13.Nh4 g6 14.Nf3 Bc7 15.dxe5 Nxe5 16.Nxe5 Bxe5
17.e4 Be6 18.Be2 Nd7 19.f4 Bd4+ 20.Kh1 f5 21.Bf3 Rad8 22.Bd2 Qf7 23.Ne2 Bb3  1/2-1/2

[Event "Asti op"]
[Site "Asti"]
[Date "1997.??.??"]
[Round "?"]
[White "Naumkin, Igor"]
[Black "Luther, Thomas"]
[Result "1/2-1/2"]
[WhiteElo "2435"]
[BlackElo "2520"]

1.d4 e6 2.c4 Nf6 3.Nf3 d5 4.Nc3 c6 5.e3 Nbd7 6.Qc2 Bd6 7.Bd3 O-O 8.O-O dxc4
9.Bxc4 a6 10.a4 c5 11.h3 Qc7 12.Qe2 b6 13.d5 exd5 14.Nxd5 Nxd5 15.Bxd5 Bb7
16.Bxb7 Qxb7 17.Rd1 Be7 18.Bd2 Bf6 19.Bc3 Bxc3 20.bxc3 Nf6  1/2-1/2

[Event "Asti op"]
[Site "Asti"]
[Date "1997.??.??"]
[Round "?"]
[White "Naumkin, Igor"]
[Black "Flear, Glenn C"]
[Result "1-0"]
[WhiteElo "2435"]
[BlackElo "2485"]

1.d4 d5 2.c4 e6 3.Nc3 c6 4.e3 Nf6 5.Nf3 Nbd7 6.Qc2 Bd6 7.Bd3 O-O 8.O-O dxc4
9.Bxc4 Qe7 10.h3 e5 11.Bb3 Bb8 12.Bd2 h6 13.Nh4 Rd8 14.Nf5 Qe8 15.f4 exd4
16.exd4 Nf8 17.Rae1 Qd7 18.g4 Bd6 19.Re2 h5 20.Ne4 Nxe4 21.Qxe4 b6 22.Rg2 Re8
23.Qd3 Be7 24.Nh6+ gxh6 25.gxh5+ Kh8 26.Qg3  1-0

[Event "EU-ch Rapid (Women)"]
[Site "Athens"]
[Date "1997.??.??"]
[Round "1"]
[White "Nicoara Etchegaray, Malina"]
[Black "Micic, Snezana"]
[Result "0-1"]
[WhiteElo "2210"]
[BlackElo "2210"]

1.d4 d5 2.c4 c6 3.Nf3 Nf6 4.Nc3 e6 5.e3 Nbd7 6.Bd3 dxc4 7.Bxc4 b5 8.Be2 Bb7
9.O-O Be7 10.e4 b4 11.e5 bxc3 12.exf6 Bxf6 13.bxc3 O-O 14.Rb1 Qc8 15.Bf4 Ba6
16.c4 Nb6 17.Qc2 Rd8 18.Rfd1 c5 19.Ng5 g6 20.dxc5 Rxd1+ 21.Rxd1 Bxg5 22.Bxg5 Qxc5
23.Bh6 Qe5 24.Bf3 Rc8 25.c5 Nd5 26.Qa4 Be2 27.Re1 Qc3 28.Rc1 Qb2 29.Qd7 Nb6
30.Qxa7 Bxf3 31.gxf3 Nd5 32.Qd7 Qb8 33.c6 Nb6 34.Qd4 e5  0-1

[Event "EU-ch Rapid"]
[Site "Athens"]
[Date "1997.??.??"]
[Round "4"]
[White "Grivas, Efstratios"]
[Black "San Segundo, Pablo"]
[Result "0-1"]
[WhiteElo "2465"]
[BlackElo "2495"]

1.d4 d5 2.c4 c6 3.Nc3 Nf6 4.e3 e6 5.Nf3 Nbd7 6.Bd3 dxc4 7.Bxc4 b5 8.Bd3 b4
9.Ne4 Be7 10.O-O O-O 11.Nxf6+ Nxf6 12.e4 Bb7 13.e5 Nd7 14.Qc2 h6 15.Bh7+ Kh8
16.Be4 Qb6 17.Be3 c5 18.dxc5 Nxc5 19.Bxc5 Bxe4 20.Qxe4 Bxc5 21.Rac1 Rad8
22.g3 Rd5 23.b3 Rfd8 24.Kg2 Kg8 25.Rc2 Bd4 26.Nxd4 Rxd4 27.Qc6 Qa5 28.Re1 g5
29.Ree2 Qd5+ 30.Qxd5 R8xd5 31.h3 h5 32.Re3 Kg7 33.Rc7 Rd7 34.Rxd7 Rxd7 35.Re4 a5
36.a3 bxa3 37.Ra4 Rd5 38.Rxa3 Rxe5 39.Ra4 Rb5 40.h4 g4 41.Kf1 f5 42.Ke2 Kf6
43.Kd2 Rd5+ 44.Ke2 Rb5 45.Kd2 Ke5 46.Kc2 Kd5 47.Ra1 Ke4 48.Ra4+ Rb4  0-1

[Event "EU-ch Rapid"]
[Site "Athens"]
[Date "1997.??.??"]
[Round "6"]
[White "Arlandi, Ennio"]
[Black "San Segundo, Pablo"]
[Result "1/2-1/2"]
[WhiteElo "2470"]
[BlackElo "2495"]

1.d4 d5 2.c4 c6 3.Nc3 Nf6 4.e3 e6 5.Nf3 Nbd7 6.Qc2 Bd6 7.Bd3 O-O 8.O-O dxc4
9.Bxc4 Qe7 10.a3 e5 11.h3 Bb8 12.Ba2 h6 13.Nh4 Rd8 14.Nf5 Qe8 15.Ne2 Nf8
16.dxe5 Bxf5 17.Qxf5 Qxe5 18.Ng3 Qxf5 19.Nxf5 a5 20.Nd4 Be5 21.Nf3 Bc7 22.b3 Ne4
23.Bb2 Ne6 24.Rfd1 Kf8 25.Kf1 N4g5 26.Nxg5 hxg5 27.Ke2 Rd6 28.Rxd6 Bxd6 29.Rd1 Ke7
30.Bb1 Ra6 31.Bc2 Rb6 32.Rb1 f6 33.Kf3 Rb5 34.Bd3 Rd5 35.Ke2 Bc5 36.Bc4 Rd7
37.Rd1 Rxd1 38.Kxd1 b5 39.Bd3 Nc7 40.Ke2 Nd5 41.Kf3 Ke6 42.Kg4 Ne7 43.g3 Kd6
44.Bc2 Ke6 45.Bc1 Kd6 46.Bb2 Ke6 47.h4 gxh4 48.Kxh4 Bd6 49.g4 g5+ 50.Kh5 Be5
51.Bc1 Nd5 52.Kg6 Ne7+ 53.Kh7 Nd5 54.Kg8 c5 55.Bd3 Nc3 56.f4 gxf4 57.exf4 Bd4
58.g5 fxg5 59.fxg5 a4 60.bxa4 c4  1/2-1/2

[Event "EU-ch Rapid (Women)"]
[Site "Athens"]
[Date "1997.??.??"]
[Round "7"]
[White "Jiretorn, Eva"]
[Black "Makropoulou, Marina"]
[Result "0-1"]
[WhiteElo "2080"]
[BlackElo "2290"]

1.d4 d5 2.c4 c6 3.Nc3 e6 4.e3 Nf6 5.Nf3 Nbd7 6.Qc2 Bd6 7.g4 Bb4 8.Bd2 Qe7
9.g5 Bxc3 10.Bxc3 Ne4 11.Rg1 a5 12.Bd3 Nxc3 13.Qxc3 Qb4 14.Qxb4 axb4 15.Kd2 Ke7
16.Kc2 dxc4 17.Bxc4 b5 18.Bd3 Bb7 19.Rg3 Ra7 20.Rh3 Rha8 21.Ne5 Nxe5 22.dxe5 c5
23.Bxb5 Bd5 24.Rxh7 Be4+ 25.Bd3 Bxh7 26.Bxh7 g6 27.Kb3 Rh8 28.Rc1 Rc7 29.Bxg6 fxg6
30.Rc4 Rxh2 31.Rf4 Rg2 32.Rh4 Rxf2 33.Rh6 Rf3 34.Rxg6 Rxe3+ 35.Kc2 Rxe5  0-1

[Event "EU-ch Rapid"]
[Site "Athens"]
[Date "1997.??.??"]
[Round "8"]
[White "Grivas, Efstratios"]
[Black "Andersson, Ulf"]
[Result "0-1"]
[WhiteElo "2465"]
[BlackElo "2640"]

1.d4 d5 2.c4 c6 3.Nc3 Nf6 4.e3 e6 5.Nf3 Nbd7 6.Bd3 Be7 7.O-O O-O 8.b3 b6
9.Bb2 Bb7 10.Qe2 Rc8 11.Rad1 Qc7 12.Ne5 dxc4 13.bxc4 Nxe5 14.dxe5 Nd7 15.f4 Nc5
16.Bxh7+ Kxh7 17.Qh5+ Kg8 18.Rf3 f5 19.Rh3 Rfd8 20.Qh8+ Kf7 21.Qh5+ Kg8 22.Rd6 Bf8
23.Qh7+ Kf7 24.Rg3 Ke8 25.e4 Qf7 26.Rg6 Rxd6 27.exd6 fxe4 28.Ne2 Rd8 29.Be5 Kd7
30.Rf6 Qe8 31.f5 Kc8 32.fxe6 Nxe6  0-1

[Event "EU-ch Rapid"]
[Site "Athens"]
[Date "1997.??.??"]
[Round "8"]
[White "Boensch, Uwe"]
[Black "Tella, Jussi"]
[Result "1/2-1/2"]
[WhiteElo "2540"]
[BlackElo "2375"]

1.d4 d5 2.c4 c6 3.e3 Nf6 4.Nf3 e6 5.Nc3 Nbd7 6.Qc2 Bd6 7.Bd3 O-O 8.O-O dxc4
9.Bxc4 Qe7 10.h3 a6 11.a4 c5 12.Rd1 cxd4 13.Nxd4 Ne5 14.Bb3 Bd7 15.e4 Ng6
16.Be3 Rfd8 17.Nf3 Bc6 18.Bb6 Rdc8 19.Re1 Bb4 20.a5 Nd7  1/2-1/2

[Event "EU-ch Rapid (Women)"]
[Site "Athens"]
[Date "1997.??.??"]
[Round "9"]
[White "Jap Tjoen San, Linda"]
[Black "Carvalho, Alda"]
[Result "1-0"]
[WhiteElo "2175"]
[BlackElo "2130"]

1.c4 e6 2.e3 d5 3.Nf3 Nf6 4.d4 c6 5.Nc3 Be7 6.Qc2 O-O 7.Be2 Nbd7 8.O-O dxc4
9.Bxc4 c5 10.b3 a6 11.dxc5 Bxc5 12.Bd3 h6 13.Bb2 Qc7 14.Rac1 Bd6 15.Qe2 Qb8
16.Bb1 b5 17.Rfd1 Bb7 18.h3 Rd8 19.Rd2 Nc5 20.e4 Be7 21.Rxd8+ Qxd8 22.b4 Ncd7
23.a3 Rc8 24.Rd1 Qc7 25.Qd3 Rd8 26.Qe2 Ne5 27.Nxe5 Rxd1+ 28.Nxd1  1-0

[Event "EU-ch Rapid"]
[Site "Athens"]
[Date "1997.??.??"]
[Round "10"]
[White "Arlandi, Ennio"]
[Black "Andersson, Ulf"]
[Result "0-1"]
[WhiteElo "2470"]
[BlackElo "2640"]

1.d4 d5 2.c4 c6 3.Nc3 Nf6 4.e3 e6 5.Nf3 Nbd7 6.Qc2 b6 7.Bd3 Bb7 8.O-O Be7
9.b3 O-O 10.Bb2 Rc8 11.Ne5 c5 12.Qe2 dxc4 13.bxc4 cxd4 14.exd4 Nxe5 15.dxe5 Nd7
16.Rfd1 g6 17.Nb5 a6 18.Nd6 Bxd6 19.exd6 e5 20.Be4 Bxe4 21.Qxe4 Qe8 22.Rac1 Qe6
23.f4 f6 24.fxe5 fxe5 25.Qd5 Rfe8 26.Re1 Rc5 27.Qd3 Rec8 28.Re4 b5 29.Qd2 Rxc4
30.Rcxc4 Rxc4 31.Rxc4 Qxc4 32.Bc3 Kf7 33.h3 Ke6 34.Bb4 Qd4+  0-1

[Event "NZD-ch"]
[Site "Auckland"]
[Date "1997.??.??"]
[Round "1"]
[White "Guthrie, David"]
[Black "Mohd, Fairin Zakaria"]
[Result "1/2-1/2"]
[WhiteElo "2100"]
[BlackElo "2220"]

1.d4 d5 2.Nf3 Nf6 3.c4 e6 4.Nc3 c6 5.e3 Bd6 6.Bd3 Nbd7 7.O-O O-O 8.e4 dxe4
9.Nxe4 Nxe4 10.Bxe4 f5 11.Bc2 e5 12.Bg5 Be7 13.Bxe7 Qxe7 14.dxe5 Nxe5 15.Re1 Nxf3+
16.Qxf3 Qf6 17.Qa3  1/2-1/2

[Event "NZD-ch"]
[Site "Auckland"]
[Date "1997.??.??"]
[Round "3"]
[White "Sutherland, John"]
[Black "Mohd, Fairin Zakaria"]
[Result "1/2-1/2"]
[WhiteElo "2085"]
[BlackElo "2220"]

1.d4 d5 2.c4 e6 3.Nc3 Nf6 4.Nf3 c6 5.e3 Nbd7 6.Bd3 dxc4 7.Bxc4 b5 8.Bd3 a6
9.e4 c5 10.e5 Nd5 11.Nxd5 exd5 12.e6 fxe6 13.Ng5 Nf6 14.Bxh7 Nxh7 15.Qh5+ Kd7
16.Nxh7 Be7 17.Qg6 Qg8 18.Ng5 Rh6 19.Qf7 Qxf7 20.Nxf7 Rh4 21.Ne5+ Ke8 22.f4 cxd4
23.Ng6 Bb4+ 24.Kf2 Rh7 25.a3 Bc5 26.b4 Bb6 27.h3 Bd7 28.Ne5 Rc8 29.Rd1 Rc3
30.Rd3 Rh6 31.Bd2 Rc2 32.Rc1 Rxc1 33.Bxc1 Rf6 34.g3 Bc7 35.Ng4 Rf5 36.Kg2 e5
37.Nxe5 Bxe5 38.fxe5 Rxe5 39.Rxd4 Bf5 40.Bf4 Be4+ 41.Kf2 Re6 42.Rd1  1/2-1/2

[Event "NZD-ch"]
[Site "Auckland"]
[Date "1997.??.??"]
[Round "5"]
[White "Krstev, Antonio"]
[Black "Garbett, Paul Anthony"]
[Result "0-1"]
[WhiteElo "2145"]
[BlackElo "2300"]

1.d4 d5 2.c4 c6 3.Nc3 Nf6 4.Nf3 e6 5.e3 Nbd7 6.Qc2 b6 7.a3 Bb7 8.b4 dxc4
9.Bxc4 a5 10.bxa5 Rxa5 11.O-O Qa8 12.a4 b5 13.Bd3 b4 14.Ne4 c5 15.Nfd2 Nxe4
16.Bxe4 Bxe4 17.Nxe4 cxd4 18.Rd1 Rd5 19.Rxd4 Rxd4 20.exd4 Be7 21.Be3 O-O
22.Rc1 b3 23.Qd3 Qxa4 24.Rb1 Rb8 25.Nd2 b2 26.Nc4 Qa2 27.g3 Rb3 28.Qc2 Rc3
29.Qxc3 Qxb1+ 30.Kg2 Qe4+ 31.f3 Qxe3 32.Qxe3 b1=Q 33.d5 Qa2+  0-1

[Event "AUT-chT2O 9697"]
[Site "Austria"]
[Date "1997.??.??"]
[Round "?"]
[White "Wukits, Rene"]
[Black "Pingitzer, Harald"]
[Result "1/2-1/2"]
[WhiteElo "2280"]
[BlackElo "2255"]

1.d4 d5 2.c4 c6 3.Nf3 e6 4.e3 Nf6 5.Nc3 Nbd7 6.Bd3 dxc4 7.Bxc4 b5 8.Bd3 Bb7
9.e4 b4 10.Na4 c5 11.e5 Nd5 12.Nxc5 Nxc5 13.dxc5 Bxc5 14.O-O h6 15.Qe2 Qb6
16.Bd2 g5 17.Rac1 Rg8 18.Rc2 g4 19.Nh4 Be7 20.Bb5+ Kd8 21.Be3 Nxe3 22.fxe3 Bxh4
23.Qd3+ Bd5 24.Rxf7 Be7 25.Rc6 Qb8 26.Qh7 Bxc6 27.Qxg8+ Kc7 28.Rxe7+ Kb6
29.Qxb8+ Rxb8 30.Bxc6 Kxc6 31.Rxe6+ Kd5 32.Rxh6 Kxe5 33.Rh7 Rc8 34.Rxa7 Rc2
35.Re7+ Kf5 36.b3 Rxa2 37.Rb7 Ke4 38.Rxb4+ Kxe3 39.Ra4 Rb2 40.Ra1 Rxb3 41.Rf1 Rb2
42.g3 Ra2 43.Rb1 Ke4 44.Rb4+ Kf5 45.Rf4+ Kg5 46.Rf2 Ra1+ 47.Kg2 Ra5  1/2-1/2

[Event "AUT-chT2W 9798"]
[Site "Austria"]
[Date "1997.??.??"]
[Round "3"]
[White "Hanel, Reinhard"]
[Black "Wach, Markus"]
[Result "1-0"]
[WhiteElo "2330"]
[BlackElo "2420"]

1.c4 c6 2.d4 d5 3.Nc3 Nf6 4.e3 e6 5.Nf3 Nbd7 6.Bd3 dxc4 7.Bxc4 b5 8.Bd3 Bb7
9.O-O Be7 10.e4 b4 11.e5 bxc3 12.exf6 Nxf6 13.bxc3 O-O 14.Rb1 Qc8 15.Qe2 c5
16.Bg5 cxd4 17.cxd4 Bd5 18.Ne5 Qd8 19.Rfe1 Rc8 20.Qe3 Ne8 21.Qh3 f5 22.Bd2 Bg5
23.Bb4 Rf6 24.Qh5 Bf4 25.Ng4 Bxa2 26.Nxf6+ Nxf6 27.Qe2 Bd5 28.Bd2 Bc7 29.Ba6 Rb8
30.Rxb8 Bxb8 31.g3 Ne4 32.Rc1 Qb6 33.Rc8+ Kf7 34.Qh5+ Kf6 35.Rf8+ Ke7 36.Qf7+ Kd6
37.Bf4+ Kc6 38.Rc8+  1-0

[Event "AUT-chT2O 9798"]
[Site "Austria"]
[Date "1997.??.??"]
[Round "4"]
[White "Denk, Adolf"]
[Black "Tober, Gerhard"]
[Result "1-0"]
[WhiteElo "2265"]
[BlackElo "2205"]

1.d4 d5 2.c4 e6 3.Nc3 Nf6 4.e3 c6 5.Nf3 Nbd7 6.Qc2 Bd6 7.Bd3 dxc4 8.Bxc4 e5
9.O-O O-O 10.h3 exd4 11.exd4 Nb6 12.Bd3 Nbd5 13.Nxd5 cxd5 14.Ne5 Qb6 15.Be3 Re8
16.Rac1 Ne4 17.Nc4 dxc4 18.Bxe4 g6 19.Bd5 Be6 20.Bxe6 Rxe6 21.Qxc4 Re4 22.b3 Rae8
23.Rc3 a6 24.Qd5 R4e6 25.Rfc1 Qb5 26.Qxb5 axb5 27.Rc8 f5 28.g3 Kf7 29.Kg2 Re4
30.Kf3 R8e7 31.Rh8 Ke6 32.Rd8 Bc7 33.Rc8 Bd6 34.Rh8 f4 35.Kxe4 fxe3 36.fxe3 Bxg3
37.Kd3 Kd7 38.Rf1 Bh4 39.Rf4 Bg5 40.Re4 Rf7 41.h4 Be7 42.Rf4 Rg7 43.e4 g5
44.Rg4 Rf7 45.hxg5 Rg7 46.e5 Bxg5 47.Ke4 h6 48.d5 b4 49.Kf5 Rf7+ 50.Kg6 Re7
51.Rh7  1-0

[Event "AUT-chT2O 9798"]
[Site "Austria"]
[Date "1997.??.??"]
[Round "4"]
[White "Miniboeck, Guenter"]
[Black "Haba, Petr"]
[Result "1/2-1/2"]
[WhiteElo "2360"]
[BlackElo "2580"]

1.d4 d5 2.c4 e6 3.Nc3 c6 4.e3 Nf6 5.Nf3 Nbd7 6.Qc2 Bd6 7.Bd3 dxc4 8.Bxc4 O-O
9.O-O e5 10.h3 exd4 11.exd4 Nb6 12.Bb3 Nbd5 13.Bg5 Be6 14.Nxd5 cxd5 15.Ne5 h6
16.Bh4 g5 17.Bg3 Nh5 18.Bh2 Nf4 19.Bxf4 gxf4 20.Qd3 Kg7 21.Qf3 Rg8 22.Bxd5 Bxe5
23.Bxe6 Bxd4 24.Qxb7 Qf6 25.Bb3 Rad8 26.Rac1 Kh8 27.Qxf7 Qxf7 28.Bxf7 Rg7
29.Bh5 Rdg8 30.Bf3 Bxb2 31.Rc6 Rg6 32.Rxg6 Rxg6 33.Rd1 Be5 34.Rd8+ Rg8 35.Rxg8+ Kxg8
36.Kf1 Bd4 37.Bd5+ Kg7 38.Ke2 Kf6 39.Kf3 Kg5 40.Be4 Bb6 41.a4 Bc5 42.Bd3 Bb6
43.Ba6 Bc5 44.Bc8 Bb6 45.g3 fxg3 46.fxg3 a5 47.Ba6 Bc5 48.Bd3 Bb4 49.Be2 Be1
50.Bd1 Kf6 51.Kf4 Bf2 52.Bc2 Be1 53.Be4 Bf2 54.Bd5 Be1 55.h4 Bf2 56.h5 Be1
57.Bc6 Bd2+ 58.Kf3  1/2-1/2

[Event "AUT-chT2W 9798"]
[Site "Austria"]
[Date "1997.??.??"]
[Round "5"]
[White "Fuerlinger, Harald"]
[Black "Kranewitter, Norbert"]
[Result "0-1"]
[WhiteElo "2055"]
[BlackElo "2250"]

1.d4 d5 2.Nf3 Nf6 3.c4 c6 4.e3 e6 5.Nc3 Nbd7 6.Qc2 Bd6 7.Be2 O-O 8.O-O dxc4
9.Bxc4 e5 10.h3 Qe7 11.Bb3 h6 12.Nh4 Re8 13.Nf5 Qf8 14.Nxd6 Qxd6 15.dxe5 Qxe5
16.Qe2 Nc5 17.Bc2 Bf5 18.f3 Bxc2 19.Qxc2 Rad8 20.Bd2 Nd3 21.Nd1 Nh5 22.Nf2 Qxb2
23.Qxb2 Nxb2 24.Bc3 Na4  0-1

[Event "AUT-chT2W 9798"]
[Site "Austria"]
[Date "1997.??.??"]
[Round "7"]
[White "Bernardi, Markus"]
[Black "Schmidlechner, Alexander"]
[Result "0-1"]
[WhiteElo "2020"]
[BlackElo "2195"]

1.d4 d5 2.Nf3 Nf6 3.c4 c6 4.e3 e6 5.Nc3 Nbd7 6.Qc2 Bd6 7.Be2 O-O 8.Bd2 dxc4
9.Bxc4 e5 10.Rd1 Qe7 11.Bb3 b6 12.dxe5 Nxe5 13.Nxe5 Qxe5 14.Ne2 Bf5 15.Qc3 Ne4
16.Qxe5 Bxe5 17.Bc3 Nxc3 18.bxc3 Rad8 19.Nd4 Bd7 20.f4 Bf6 21.e4 c5 22.Ne2 Bg4
23.e5 Rxd1+ 24.Bxd1 Bh4+ 25.g3 Be7 26.Bc2 Rd8 27.Be4 Be6 28.Nc1 f6 29.Rf1 fxe5
30.fxe5 Bg5 31.Nb3 a5 32.Bc6 a4  0-1

[Event "AUT-chT9697"]
[Site "Austria"]
[Date "1997.??.??"]
[Round "7"]
[White "Miniboeck, Guenter"]
[Black "Wach, Markus"]
[Result "1/2-1/2"]
[WhiteElo "2380"]
[BlackElo "2415"]

1.d4 d5 2.c4 c6 3.Nf3 Nf6 4.Nc3 e6 5.e3 Nbd7 6.Qc2 Bd6 7.Bd3 O-O 8.O-O Qe7
9.Bd2 dxc4 10.Bxc4 e5 11.h3 Nb6 12.Nxe5 Bxe5 13.dxe5 Qxe5 14.Bd3 Rd8 15.Rad1 Be6
16.Ne4 Nxe4 17.Bxe4 f5 18.Bf3 Bd5 19.Bc3 Qe6 20.Bxd5 Nxd5 21.Qb3 Rd7 22.Rd3 Re8
23.Rfd1 Kh8 24.a4 Qg6 25.Rd4 f4 26.exf4 Rf7 27.Qc4 Rfe7 28.Qd3 Re4 29.Qg3 Nxc3
30.Qxc3 h6 31.Rxe4 Rxe4 32.Rd8+ Kh7 33.Qb3 Qe6 34.Qxb7 Rxf4 35.Rd7 Qf6 36.Qxa7 Qxb2
37.Qe3 Qa1+ 38.Kh2 Qxa4 39.Qd3+ Qe4 40.Qxe4+ Rxe4 41.Rc7 Rc4 42.Kg3 Kg6 43.Kf3 Kf6
44.Ke3 Rc2 45.h4 h5 46.g3 g6 47.Kd3 Rc1 48.Kd2 Rc5 49.Kd3 Ke5 50.Re7+ Kf5
51.Rf7+ Ke6 52.Rg7 Kf6  1/2-1/2

[Event "AUT-chT2W 9798"]
[Site "Austria"]
[Date "1997.??.??"]
[Round "7"]
[White "Mira, Helene"]
[Black "Grundherr, Martin"]
[Result "0-1"]
[WhiteElo "2225"]
[BlackElo "2340"]

1.d4 d5 2.c4 c6 3.Nc3 Nf6 4.Nf3 e6 5.e3 Nbd7 6.cxd5 exd5 7.Bd3 Bd6 8.O-O O-O
9.Re1 Re8 10.Qc2 Nf8 11.Bd2 Bg4 12.h3 Bh5 13.Nh4 Ne4 14.Nf5 Nxd2 15.Qxd2 Bc7
16.f4 Bg6 17.b4 Nd7 18.g4 Nf6 19.Rab1 Qd7 20.Qc2 Kh8 21.Kg2 Ng8 22.Ne2 Ne7
23.Neg3 Bxf5 24.Nxf5 Nxf5 25.Bxf5 Qd6 26.g5 Re7 27.Qc5 Qd8 28.b5 Bb6 29.Qc2 Qd6
30.bxc6 bxc6 31.Rbc1 Rc7 32.Red1 Re8 33.Qb3 Rce7 34.Rc3 Ba5 35.Rcd3 Rb8 36.Qa4 Rb2+
37.Kg3 Bb6 38.Qa3 Qxa3 39.Rxa3 g6 40.Bg4 Rc7 41.f5 gxf5 42.Bxf5 c5 43.dxc5 Rxc5
44.Bb1 Rcb5 45.Bd3 R5b4 46.Bf5 d4 47.exd4 Bxd4 48.Rb3 R4xb3+ 49.axb3 Rxb3+
50.Kf4 Bb6 51.h4 Rb4+ 52.Ke5 Rxh4 53.Rd7 Kg8 54.Be4 Rg4 55.Kf5 Rg1 56.Rb7 Rf1+
57.Ke5 Kg7 58.Bf5 Bd8 59.Bd3 Rf2 60.Ke4 Bb6 61.Ke5 Rf3 62.Be4 Rf1 63.Bd3 Re1+
64.Kf5 Rc1 65.Be4 Rc5+ 66.Kg4 Rc7 67.Rb8 Re7 68.Bf5 Re1 69.Rb7 Be3 70.Be6 Rf1
71.Bb3 a5 72.Rb5 a4 73.Ba2 Rf2 74.Bb1 a3 75.Ra5 Bc1 76.Kg3 Rb2 77.Bd3 a2
78.Kg4 Rb4+ 79.Kf3 Rb3  0-1

[Event "AUT-chT9697"]
[Site "Austria"]
[Date "1997.??.??"]
[Round "9"]
[White "Wiedner, Robert"]
[Black "Steflitsch, Erich"]
[Result "0-1"]
[WhiteElo "2500"]
[BlackElo "2500"]

1.c4 e6 2.d4 d5 3.Nc3 c6 4.e3 Nf6 5.Nf3 Nbd7 6.cxd5 exd5 7.Bd3 Bd6 8.h3 O-O
9.Bd2 Re8 10.Qc2 Qe7 11.O-O-O Ne4 12.Be1 Nf8 13.Nd2 Nxc3 14.Qxc3 Bd7 15.Kb1 b6
16.Nf3 c5 17.dxc5 bxc5 18.Bc2 Be6 19.Bb3 c4 20.Ba4 Reb8 21.Nd4 Rb6 22.Ka1 Rab8
23.Nc6 Qd7 24.e4 Ra6 25.Qc2 Rxa4 26.Qxa4 dxe4 27.Rxd6 Qxd6 28.Nxb8 Qxb8 29.Bc3 h6
30.Rd1 Ng6 31.Qc6 Qf4 32.Qa8+ Kh7 33.Qxa7 Nh4 34.Qd4 Nf5 35.Qc5 e3 36.fxe3 Nxe3
37.Qf8 f6 38.Rg1 Qf2 39.Rc1 Nc2+ 40.Kb1 Bf5 41.a4 Nb4+ 42.Ka1 Nc2+ 43.Ka2 Qb6
44.b4 cxb3+ 45.Kb2 Qf2 46.Bxf6 Nd4+ 47.Kc3 Ne6 48.Qb4 Nc5 49.Kc4 Bd3+ 50.Kd5 Be4+
51.Kd6 Qxf6+ 52.Kxc5 Qc6+ 53.Kd4 Qxc1  0-1

[Event "AUT-chT9697"]
[Site "Austria"]
[Date "1997.??.??"]
[Round "9"]
[White "Herndl, Harald"]
[Black "Wach, Markus"]
[Result "1-0"]
[WhiteElo "2365"]
[BlackElo "2390"]

1.d4 d5 2.c4 c6 3.Nf3 Nf6 4.Nc3 e6 5.e3 Nbd7 6.Bd3 dxc4 7.Bxc4 b5 8.Bd3 Bb7
9.O-O b4 10.Ne4 Be7 11.a3 bxa3 12.b3 c5 13.Nxf6+ Nxf6 14.Bb5+ Kf8 15.Bxa3 cxd4
16.Nxd4 Qd5 17.f3 Bxa3 18.Rxa3 e5 19.Nf5 g6 20.Nd6 Qc5 21.b4 Qb6 22.Nxb7 Qxb5
23.Qd6+ Kg7 24.Qe7 Qd7 25.Qxd7 Nxd7 26.Rfa1 Rhc8 27.Nd6 Rc7 28.Ra6 Kf8 29.e4 Nb8
30.R6a4 Rc6 31.Rd1 Ke7 32.Nb7 Ra6 33.Ra5 Rb6 34.Nd8 Nd7 35.Nxf7 Rxb4 36.Nxe5 Nxe5
37.Rxe5+ Kf6 38.Ra5 Rb7 39.Rd6+ Kf7 40.Rda6 Kg7 41.h4 Kh8 42.Kh2 Kg7 43.Kh3 Rf7
44.h5 gxh5 45.Kh4 Kh8 46.Kxh5 Rg7 47.g4 Rf8 48.Rf5 Rb8 49.g5 Kg8 50.Rfa5 Rb1
51.Rxa7  1-0

[Event "AUT-chT2S 9697"]
[Site "Austria"]
[Date "1997.??.??"]
[Round "10"]
[White "Hafner, Robert"]
[Black "Steiner, Bruno"]
[Result "1/2-1/2"]
[WhiteElo "2145"]
[BlackElo "2070"]

1.d4 d5 2.c4 c6 3.Nf3 Nf6 4.Nc3 e6 5.e3 Nbd7 6.Bd3 dxc4 7.Bxc4 b5 8.Bd3 b4
9.Ne4 Bb7 10.O-O Nxe4 11.Bxe4 Qb6 12.Qe2 Be7 13.Bd2 O-O 14.Rfc1 a5 15.Be1 Rfd8
16.Rc2 Rac8 17.Rac1 a4 18.b3 axb3 19.axb3 Nf6 20.Bd3 c5 21.dxc5 Rxc5 22.Rxc5 Bxc5
23.Nd2 Qc6 24.Nf3 Qd6 25.Rd1 g6 26.Bc2 Qc7 27.Rxd8+ Qxd8 28.Qb5 Qc8 29.Bd3 Nd5
30.Bc4 Qc7 31.Qe8+ Kg7 32.Qa4 Qd6 33.Qa1+ f6 34.h3 Nb6 35.Qa7 Qe7 36.Bxb4 Bxb4
37.Qxb6 e5 38.Nh2 Bd6 39.Nf1 f5 40.Qa7 Bc5 41.Qb8 Kh6 42.Qg8 Qg5 43.Bd5 Ba6
44.Nh2 e4 45.Bc4 Bb7 46.Qf7 Qe7 47.Qxe7 Bxe7 48.Nf1 Kg7 49.Ng3 Kf6 50.Ne2 g5
51.Kf1 h5 52.g3 h4 53.gxh4 gxh4 54.Ke1 Ke5 55.Kd2 Bg5 56.Kc3 f4 57.exf4+ Bxf4
58.Nxf4 Kxf4 59.Kd2 Kf3 60.Ke1 e3 61.fxe3 Kxe3 62.Kf1 Bc8 63.Kg2 Bf5 64.Bd5 Bd7
65.Ba8 Be6 66.b4 Bd7 67.Bf3 Bb5  1/2-1/2

[Event "AUT-chT2O 9697"]
[Site "Austria"]
[Date "1997.??.??"]
[Round "11"]
[White "Uhlmann, Wolfgang"]
[Black "Videki, Sandor"]
[Result "1-0"]
[WhiteElo "2460"]
[BlackElo "2460"]

1.c4 c6 2.d4 d5 3.Nc3 Nf6 4.e3 e6 5.Nf3 Nbd7 6.b3 Bd6 7.Bd3 e5 8.cxd5 Nxd5
9.Nxd5 cxd5 10.dxe5 Nxe5 11.Bb5+ Bd7 12.Bxd7+ Qxd7 13.O-O Nxf3+ 14.Qxf3 Be5
15.Rb1 O-O 16.Bb2 Rfe8 17.Rfd1 Rad8 18.g3 h6 19.Bxe5 Rxe5 20.Rd4 Rc8 21.Rbd1 Rc5
22.b4 Rb5 23.a4 Rb6 24.Rxd5 Rxd5 25.Rxd5 Rd6 26.Rxd6 Qxd6 27.b5 Qe7 28.h4 g6
29.Qd5 b6 30.h5 g5 31.e4 Kg7 32.Qd4+ Kg8 33.Kg2 Qe6 34.Qd5 Qe7 35.Qf5 Kg7
36.e5 Qb7+ 37.Kh2 Qe7 38.Kh3 Kf8 39.Qf6 Qxf6 40.exf6 Ke8 41.Kg4 Kd7 42.Kf5 Kd6
43.g4  1-0

[Event "Wch Seniors"]
[Site "Bad Wildbad"]
[Date "1997.??.??"]
[Round "3"]
[White "Wein, Wolfgang"]
[Black "Viner, Phillip"]
[Result "1/2-1/2"]
[WhiteElo "1850"]
[BlackElo "2160"]

1.d4 d5 2.c4 e6 3.Nc3 c6 4.e3 Nf6 5.Nf3 Be7 6.Qc2 O-O 7.Be2 b6 8.O-O Bb7
9.b3 Nbd7 10.Bb2 Rc8 11.Rad1 Qc7 12.Qd3 Rfd8 13.cxd5 exd5 14.Nh4 Bf8 15.Rc1 Qb8
16.a3 c5 17.Nf3 c4 18.Qd1 a6 19.Re1 b5 20.Nd2 Re8 21.b4 Bd6 22.Nf1 Rcd8 23.Bf3 Ne4
24.g3 f5 25.Bg2 Ndf6 26.f3 Nxc3 27.Bxc3 Bc6 28.Qc2 Qc8 29.Re2 Re7 30.Rce1 Rde8
31.Bh3 Bd7 32.Bg2 Bb8 33.Qd2 Qc6 34.Qc2 Ba7 35.Bh3 g6 36.Bg2 Qd6 37.Nd2 Bc6
38.Nf1 Qe6 39.Qd2 Qf7 40.Qc2 h5 41.Ra1 Bb8 42.Be1 Bd6  1/2-1/2

[Event "Wch Seniors"]
[Site "Bad Wildbad"]
[Date "1997.??.??"]
[Round "4"]
[White "Bagirov, Vladimir"]
[Black "Hoeschele, Hans Ulrich"]
[Result "1-0"]
[WhiteElo "2495"]
[BlackElo "2092"]

1.Nf3 Nf6 2.c4 e6 3.Nc3 d5 4.d4 c6 5.e3 Nbd7 6.Qc2 Bd6 7.Bd3 dxc4 8.Bxc4 b5
9.Bd3 Bb7 10.e4 e5 11.Bg5 h6 12.Bh4 Qe7 13.O-O g5 14.Bg3 O-O 15.dxe5 Bxe5
16.Ne2 Nh5 17.Rad1 Bxg3 18.Nxg3 Nxg3 19.hxg3 Nc5 20.Nd4 Nxd3 21.Qxd3 Rad8
22.Nf5 Qf6 23.Qe3 Bc8 24.Nd6 Bg4 25.Rd2 Qe6 26.Qc5 Qxa2 27.Qxc6 Qa5 28.Rd4 Be2
29.Rc1 Bg4 30.Nb7 Rxd4 31.Nxa5 Be6 32.f3 b4 33.Qc5 Rfd8 34.Nc6 Rd1+ 35.Kh2 R8d2
36.Rxd1 Rxd1 37.Nxb4  1-0

[Event "Wch Seniors"]
[Site "Bad Wildbad"]
[Date "1997.??.??"]
[Round "7"]
[White "Heyne, Manfred"]
[Black "Knobling, Rolf"]
[Result "1-0"]
[WhiteElo "1619"]
[BlackElo "1504"]

1.d4 d5 2.c4 e6 3.Nf3 Nf6 4.Nc3 c6 5.e3 Nbd7 6.Bd3 dxc4 7.Bxc4 Bb4 8.O-O O-O
9.a3 Bxc3 10.bxc3 Ne4 11.Qc2 Ndf6 12.Bd3 Nd6 13.e4 Nb5 14.e5 Nd7 15.Bxh7+ Kh8
16.Bd3 g6 17.Qd2 Kg8 18.c4 Nc7 19.Qc2 Kg7 20.Re1 Rh8 21.Be3 b6 22.Qe2 Bb7
23.Rad1 c5 24.dxc5 Bxf3 25.Qxf3 Qh4 26.Qg3 Qxg3 27.hxg3 bxc5 28.Be4 Rad8
29.f4 Na6 30.Rd6 Nb6 31.Red1 Rxd6 32.Rxd6 Nxc4 33.Rxa6 Nxe3 34.Rxa7 Rc8 35.Ra6 Nd5
36.Rd6 Nc3 37.Rc6 Rxc6 38.Bxc6 Kf8 39.a4 Nd5 40.Bxd5 exd5 41.a5 c4 42.a6 c3
43.a7 d4 44.a8=Q+ Kg7 45.Qc6 Kh6 46.Qc4  1-0